00967 2200337 4500001002100000005001700021008004100038020001800079035002500097040001200122082001300134084002000147100001800167245005900185250001100244260003500255300003500290440009600325500002700421650001100448650001700459700001900476850001200495990001700507990001700524990001800541990001800559990001800577990001700595990001700612YOGYA-0209000006978520150708104245.0 ind  a979-002-188-7 a0010-020900000069785 aYOPDYOG a635.9772 a635.977 2 Bud G aBUDI SULISTYO aGaleri bonsaic/ Budi Sulistyo ; editor, Surip Prayugo aCet. 1 aJakartabPenebar Swadayac2008 aiv, 236 hlm.b: ilus.c; 24 cm a212 bonsai eksklusif dari kolektor: indonesia, malaysia, filipina, taiwan, India, Australia aBibliografi : hlm. 234 aBonsai aTanaman Hias aPrayugo, Surip aYOPDYOG a1041-PD/P.08 a1042-PD/P.08 a44685-PD/B.08 a46706-PD/B.09 a46707-PD/B.09 a1905-PK/B.08 a1043-PD/P.08